Регионална библиотека "Любен Каравелов" - Русе

Сибир и заточението в Русия | Каторгата и заточението в Русия | Праг (Запис номер 391395)

MARC детайли
000 -Лидер
Контролно поле с фиксирана дължина 01734nam a2200361 a 4500
003 - Код на организацията, давaща контролен номер
Контролно поле BLK
005 - Дата и час на последна редакция
Контролно поле 20231030130854.0
008 - Елементи от данни с фиксирана дължина
fixed length control field 201106b bul|||||r ||||||| ||bul||
040 ## - Източник на каталожния запис
Идентификатор на билиотеката - собственик на записа BLK
041 ## - Код за език
Код за езика на текст/звукозапис или на отделно заглавие Български
Код за езика КДБФ Български
080 ## - УДК
Текстов определител УДК Руска литература
УДК код - определител по УДК 821.161.1
УДК определител -31
УДК - код + определител 821.161.1-31
100 1# - Редна дума - Автор
Автор Кенан, Джордж Ф.
Авторска отговорност първи автор
R(LIN) 78152
139 ## - Редно поле
Редна дума Кенан, Жорж и др.
245 10 - Сведения за заглавието
Заглавие Сибир и заточението в Русия
Подзаглавни данни Т. 1 - 2
Редно поле (дума) Жорж Кенан; М. Цебрикова; Иван С. Тургенев; прев. от рус. Спиро Гулабчев.
245 10 - Сведения за заглавието
Заглавие Каторгата и заточението в Русия
Редно поле (дума) М. Цебрикова
245 10 - Сведения за заглавието
Заглавие Праг
Редно поле (дума) Иван С. Тургенев ; прев. от рус. Спиро Гулабчев.
257 ## - Страна на издаване
Страна на създаване/издаване България
260 ## - Област на издателските данни
Място на издаване, разпространение и проч. Русе
Година на издаване 1894
Печатница Русе : Спиро Гулабчев
300 ## - Физическа характеристика
Страници 436 с.
Размери/Мащаб 25 см
380 ## - Жанр
Жанр Худож. лит.
490 ## - СЕРИИ (Колекции)
9 (RLIN) 435080
Име на серия Колекция Редки и ценни издания
490 ## - СЕРИИ (Колекции)
9 (RLIN) 435931
Име на серия Лична библиотека на Захари Стоянов
№: серия 114
700 ## - Други автори (авторска отговорност)
Лично име Гулабчев, Спиро Константинов
9 (RLIN) 418157
700 ## - Други автори (авторска отговорност)
Лично име Цебрикова, М.
9 (RLIN) 436033
700 ## - Други автори (авторска отговорност)
Лично име Тургенев, Иван Сергеевич
9 (RLIN) 262466
852 ## - Местоположение
Форматна сигнатура Рб 894 ЗСт
852 ## - Местоположение
Форматна сигнатура Рб 894
Фондова буква Редки и ценни
856 4# - Електронен адрес и достъп
Електронен формат jpg - файл
Път до файла /url/ http://185.138.176.146:18082/cgi-bin/koha/opac-retrieve-file.pl?id=002f7d8439d6cbafe0da70159803dcec
Име на файл Съдържание
Права за достъп Достъп за регистрирани потребители
Допълнителна информация (Корица, съдържание, пълен текст, звуков файл, HTML файл) Изображение
Информация за съдържанието Съдържание
942 ## - АРТИКУЛИ
Вид на библиотечния материал Книги
Скрит в OPAC Не
Периодичен библиозапис Да
944 ## - СЪЗДАВАНЕ И РЕДАКЦИЯ на ЗАПИСА
Създаване/Редакция Създаване
Дата на регистрацията/редакция 2020-11-06
Служител, извършил регистрацията/редакцията 30542
Статус, дата на статуса Русанова Ирена
944 ## - СЪЗДАВАНЕ И РЕДАКЦИЯ на ЗАПИСА
Създаване/Редакция Редакция
Дата на регистрацията/редакция 2021-04-08
Служител, извършил регистрацията/редакцията Христина Везирева
999 ## - СИСТЕМНИ КОНТРОЛНИ НОМЕРА
Koha biblionumber 391395
Koha biblioitemnumber 391395
999 ## - СИСТЕМНИ КОНТРОЛНИ НОМЕРА
Koha biblioitemnumber 391395
Наличности
Код за отписване Код за изгубен артикул Източник на класификационната схема Код за повреда Коз за рестрикции Код за отдаване Артикулен № Име на библиотеката - собственик Име на библиотеката, в която се намира в момента Статус (Текущо местоположение) Дата на вписване в системата Местоположение - отдел Цена в лева Инвентарен номер Систематично азбучна сигнатура Баркод Цена в евро Служебен тип на артикула
Изтеглен Не е изгубен Universal Decimal Classification Не е повреден само за читалня Специални фондове ( старопечатни, редки и ценни, фонд М. Арнаудов) 804809 Регионална библиотека "Любен Каравелов" Русе Регионална библиотека "Любен Каравелов" Русе Редки и ценни 2020-11-06 Редки и ценни 5.20 16940/66 Рб 894 900000038412 2.66 Книги
  Не е изгубен Universal Decimal Classification Не е повреден само за читалня Специални фондове ( старопечатни, редки и ценни, фонд М. Арнаудов) 805564 Регионална библиотека "Любен Каравелов" Русе Регионална библиотека "Любен Каравелов" Русе Редки и ценни 2020-11-24 Редки и ценни 45.00   Рб 894 ЗСт 120000850144 23.01 Книги
  Не е изгубен Universal Decimal Classification Не е повреден само за читалня Специални фондове ( старопечатни, редки и ценни, фонд М. Арнаудов) 852725 Регионална библиотека "Любен Каравелов" Русе Регионална библиотека "Любен Каравелов" Русе Редки и ценни 2021-09-17 Редки и ценни 0.34 11408 Рб 894 900000045977 0.17 Книги
  Не е изгубен Universal Decimal Classification Не е повреден само за читалня Специални фондове ( старопечатни, редки и ценни, фонд М. Арнаудов) 852726 Регионална библиотека "Любен Каравелов" Русе Регионална библиотека "Любен Каравелов" Русе Редки и ценни 2021-09-17 Редки и ценни 2.50 3296/61 Рб 894 900000045123 1.28 Книги
Vip Innovations Ltd, Rousse, Bulgaria 2025